000 00535cam a2200145 4500500
005 20260322001621.0
041 _afre
042 _adc
100 1 0 _aDreyfus, Arthur
_eauthor
245 0 0 _a“Qu’est-ce que ça fait d’être une chauve-souris ?” : la boussole écho-logique de Thomas Nagel
260 _c2025.
500 _a68
786 0 _nPhilosophie magazine | 189 | 5 | 2025-05-01 | p. 57-57 | 1951-1787
856 4 1 _uhttps://shs.cairn.info/magazine-philosophie-magazine-2025-5-page-57?lang=fr&redirect-ssocas=7080
999 _c1716347
_d1716347